| 000 | 00769cab a2200253 4500 | ||
|---|---|---|---|
| 001 | ABS57925 | ||
| 008 | 090401t1997 xxu||||| |||| 00| 0 eng d | ||
| 035 | _a(Sirsi) u82370 | ||
| 041 | _aeng | ||
| 100 | _aWest, T. | ||
| 245 | _aClosing the asylum | ||
| 260 | _c1997 | ||
| 350 | _a0 | ||
| 490 |
_aHousing Today _v(60) 20 November 1997, 12-13(2) |
||
| 520 | _aTwo case studies are used to illustrate the relationship of PFI and housing associations. A model which could revolutionise social housing funding is included. | ||
| 650 | _aASSOCIATIONS | ||
| 650 | _aMENTAL ASYLUMS | ||
| 650 | _aPFI | ||
| 650 | _aPRIVATE FINANCE INITIATIVE | ||
| 650 | _aYORKSHIRE | ||
| 690 | _aPROPERTY-PROPERTY FINANCE AND INVESTMENT | ||
| 942 | _n0 | ||
| 948 | _c27/11/1997 | ||
| 999 |
_c51991 _d51991 |
||